000 00272nam a22001097a 4500
008 170124b xxu||||| |||| 00| 0 eng d
020 _a9780135114155
041 _aeng
080 _22ND
_a618.2
245 _aHEALTH&PHYSICAL ASSESMENT IN NURSING
_cD'AMICO, D
942 _2udc
_cBK
999 _c3478
_d3478